| 000 | 00439nam a2200145Ia 4500 | ||
|---|---|---|---|
| 008 | 220216s9999 xx 000 0 und d | ||
| 100 | _aPramanik M | ||
| 245 | 0 | _aMechanical properties of rubber-clay hybrid | |
| 260 | _bRUBCON 2002: Proceedings of the Indian Rubber Conference January 12-13. pp.145-150 | ||
| 650 | _aRubber-clay hybrid | ||
| 700 | _aBhowmick A K | ||
| 700 | _aSamantaray B K | ||
| 700 | _aSrivastava S K | ||
| 942 | _cJS | ||
| 999 |
_c62729 _d62729 |
||